| 000 | nam a22 7a 4500 | ||
|---|---|---|---|
| 999 |
_c328601 _d328601 |
||
| 003 | Nust | ||
| 005 | 20170412131726.0 | ||
| 008 | 170412b xxu||||| |||| 00| 0 eng d | ||
| 020 | _a1584710373 | ||
| 040 | _cDLC | ||
| 082 | _a388.4 WOR | ||
| 100 | _4Wortman, Marc | ||
| 245 | _aPublic Transportation: on the move | ||
| 260 | _a2005 | ||
| 300 |
_aviii, 222p _c25CM |
||
| 942 |
_2ddc _cBK |
||